书目信息 |
| 题名: |
欢乐的日子
|
|
| 作者: | 徐宏智 著 | |
| 分册: | ||
| 出版信息: | 沈阳 辽海出版社 2006 |
|
| 页数: | 170页 | |
| 开本: | 19cm | |
| 丛书名: | 中国历史文化丛书 | |
| 单 册: | ||
| 中图分类: | K892.1 | |
| 科图分类: | ||
| 主题词: | 节日--风俗习惯--中国 , 节日 , 风俗习惯 | |
| 电子资源: | ||
| ISBN: | 7-80638-865-6 | |
| 000 | 00951oam2 2200301 450 | |
| 001 | 012007535173 | |
| 005 | 20070605142830.03 | |
| 010 | @a7-80638-865-6@dCNY720.00(全30册) | |
| 100 | @a20070601d2006 km y0chiy0120 ea | |
| 101 | 0 | @achi |
| 102 | @aCN@b210000 | |
| 105 | @ay z 000yy | |
| 106 | @ar | |
| 200 | 1 | @a欢乐的日子@Ahuan le de ri zi@e中国传统节日@f徐宏智著@Fxu hong zhi zhu |
| 205 | @a2版 | |
| 210 | @a沈阳@c辽海出版社@d2006 | |
| 215 | @a170页@d19cm | |
| 225 | 2 | @a中国历史文化丛书 |
| 330 | @a本书主要内容包括:元旦,春节,元宵节,二月二,清明,七夕,中元节,中秋,重阳,东至,腊八,小年,少数民族的春节,少数民族的传统节日等。 | |
| 461 | 0 | @12001 @a中国历史文化丛书 |
| 517 | 1 | @a中国传统节日@Azhong guo chuan tong jie ri |
| 606 | 0 | @a节日@x风俗习惯@y中国 |
| 606 | 0 | @a节日 |
| 606 | 0 | @a风俗习惯 |
| 690 | @aK892.1@v4 | |
| 701 | 0 | @a徐宏智@Axu hong zhi@4著 |
| 801 | 0 | @aCN@bRULIN@c20070605 |
| 905 | @dK892.1@e143=2@s5 | |
| 欢乐的日子:中国传统节日/徐宏智著.-2版.-沈阳:辽海出版社,2006 |
| 170页;19cm.-(中国历史文化丛书) |
| ISBN 7-80638-865-6:CNY720.00(全30册) |
| 本书主要内容包括:元旦,春节,元宵节,二月二,清明,七夕,中元节,中秋,重阳,东至,腊八,小年,少数民族的春节,少数民族的传统节日等。 |
| ● |
| 相关链接 |
|
|
|
|
正题名:欢乐的日子
索取号:K892.1/143=2
 
预约/预借
| 序号 | 登录号 | 条形码 | 馆藏地/架位号 | 状态 | 备注 |
| 1 | 0582792 | 205827925 | 第二样本阅览室/ [索取号:K892.1/143=2] | 在馆 | |
| 2 | 0582793 | 205827934 | 第二借阅区/ [索取号:K892.1/143=2] | 在馆 | |
| 3 | 0582794 | 205827943 | 第二借阅区/ [索取号:K892.1/143=2] | 在馆 | |
| 4 | 0582795 | 205827952 | 第二借阅区/ [索取号:K892.1/143=2] | 在馆 | |
| 5 | 0582796 | 205827961 | 第二借阅区/ [索取号:K892.1/143=2] | 在馆 |